[Event "IND-chT 37th"]
[Site "Bhopal"]
[Date "2017.02.05"]
[Round "6.1"]
[White "Aslam, Belim"]
[Black "Shivananda, BS."]
[Result "0-1"]
[WhiteElo "1662"]
[BlackElo "2241"]
[PlyCount "136"]
[EventDate "2017.02.02"]
[EventType "team-swiss"]
[EventRounds "9"]
[EventCountry "IND"]
[SourceTitle "CBM 176 Extra"]
[Source "ChessBase"]
[SourceDate "2017.03.02"]
[SourceVersion "1"]
[SourceVersionDate "2017.03.02"]
[SourceQuality "1"]
[WhiteTeam "Bharat Sanchar Nigam"]
[BlackTeam "Karnataka"]
[WhiteTeamCountry "IND"]
[BlackTeamCountry "IND"]

1. e4 e6 2. Nc3 d5 3. d4 Bb4 4. Bd3 Nc6 5. Nf3 Nf6 6. e5 Ne4 7. Bd2 Nxd2 8. Qxd2 Bd7 9. a3 Be7 10. Ne2 f6 11. 0-0 fxe5 12. dxe5 0-0 13. c3 Qe8 14. Ng3 g6 15. Rae1 Qf7 16. Bb1 Na5 17. Bd3 Nc6 18. Qc2 Qg7 19. c4 Rad8 20. b4 a6 21. Qb3 Bc8 22. Re2 Rxf3 23. gxf3 Nd4 24. Qb2 Nxe2+ 25. Qxe2 c6 26. Kh1 Bg5 27. Rg1 Bf4 28. Nh5 Qxe5 29. Nxf4 Qxf4 30. Rg3 Bd7 31. Kg2 Rf8 32. Rg4 Qf6 33. Rg3 e5 34. Qc2 Bf5 35. cxd5 cxd5 36. Qb3 Rd8 37. Be2 Kg7 38. Qc3 d4 39. Qd2 d3 40. Bd1 Qh4 41. Bb3 Qf4 42. Qe3 d2 43. Bd1 Qxe3 44. fxe3 Rc8 45. Kf2 Bd3 46. e4 Rc3 47. a4 Bc4 48. Rg1 Kf6 49. Rg3 b6 50. Rg1 a5 51. bxa5 bxa5 52. Rg3 Rc1 53. Rg1 Rc3 54. Rg3 Rc1 55. h3 Ra1 56. Rg1 Ra3 57. Rg3 Ke6 58. Rg2 Bb3 59. Rg1 Bc4 60. h4 Kd6 61. h5 gxh5 62. Rh1 Kc5 63. Rxh5 Ra1 64. Rh1 Bb3 65. Ke2 Bxa4 66. Kxd2 Rxd1+ 67. Rxd1 Bxd1 68. Kxd1 Kd4 0-1